_Fundamental mechanics of fluid[ 2nd ed.] (Record no. 13608)
[ view plain ]
| 000 -LEADER | |
|---|---|
| fixed length control field | 00436nam a2200157Ia 4500 |
| 008 - FIXED-LENGTH DATA ELEMENTS--GENERAL INFORMATION | |
| fixed length control field | 151021s9999 xx 000 0 und d |
| 020 ## - INTERNATIONAL STANDARD BOOK NUMBER | |
| International Standard Book Number | 70150001 |
| 050 ## - LIBRARY OF CONGRESS CALL NUMBER | |
| Classification number | QA 901.C8 1993 |
| 245 ## - TITLE STATEMENT | |
| Title | _Fundamental mechanics of fluid[ 2nd ed.] |
| 260 ## - PUBLICATION, DISTRIBUTION, ETC. (IMPRINT) | |
| Place of publication, distribution, etc. | New York McGraw-Hill 1993 |
| 300 ## - PHYSICAL DESCRIPTION | |
| Extent | xviii,454p. |
| 500 ## - GENERAL NOTE | |
| General note | Includes index |
| 500 ## - GENERAL NOTE | |
| General note | Includes index |
| 650 ## - SUBJECT ADDED ENTRY--TOPICAL TERM | |
| Topical term or geographic name as entry element | _Fluid Mechanics |
| 980 ## - EQUIVALENCE OR CROSS-REFERENCE-SERIES STATEMENT--PERSONAL NAME/TITLE [LOCAL, CANADA] | |
| Personal name | ^d20130522 10:31:26^oanne |
No items available.